| 000 | 00558nam a2200193 a 4500 | ||
|---|---|---|---|
| 001 | 000014927 | ||
| 005 | 20240412074242.0 | ||
| 008 | 100127s2007 dr 000 p spa d | ||
| 040 |
_aDO-SdBNP _bspa _cBNPHU |
||
| 082 |
_aRD861.44 _bA454m |
||
| 100 | 1 |
_aAlonzo, Juan _933790 |
|
| 245 | 1 | 0 |
_aMarginal / _cJuan Alonso. |
| 260 |
_aSanto Domingo : _b[s.n.], _c2007. |
||
| 300 |
_a73 p. ; _c21 cm. |
||
| 590 | _aInventariado, 2020/BT | ||
| 650 | 0 |
_aPoesÃa dominicana _966 |
|
| 650 | 0 |
_aLiteratura dominicana. _967 |
|
| 910 | _aValidado. Control de calidad MMOLINA | ||
| 999 |
_c14507 _d14507 |
||